00612nam a2200181 a 450000100100000000500170001000800410002704000250006810000280009324500340012125000110015526000380016630000230020449000370022783000440026495201050030899900170041300003679920200930075937.0120201s1967 xxu 000 0 spa d aDO-SdBNPbspacBNPHU1 aMeyer, Alfred G.96314010aCommunism /cAlfred G. Meyer. a3a ed. aNew York :bRandom House ,c1967. a241 p. : ;c18 cm.1 aStudies in political sciencev34 0aStudies in political sciencen34963141 001050718MOaGRbGRcHDd2012-02-01iLF1l0o p36799-10r2020-06-25w2020-06-25y1ZNo se presta c36290d36290